Каталог важнейшим сочинениям по всем отраслям техники на русском, немецком, французском и английском языках, имеющихся в продаже в книжном магазине К. Л. Риккера в С.-Петербурге (Запись № 12561026)

Подробности
000 -МАРКЕР
контрольное поле 01860nam0a22003011 4500
001 - ИДЕНТИФИКАТОР ЗАПИСИ
контрольное поле RU\NLR\BIBL_A\022038190
005 - ИДЕНТИФИКАТОР ВЕРСИИ
контрольное поле 20260407232930.0
035 ## - ДРУГИЕ СИСТЕМНЫЕ НОМЕРА
Идентификатор записи (NLR Aleph) 022038190
100 ## - ДАННЫЕ ОБЩЕЙ ОБРАБОТКИ
Данные общей обработки 20080925d1900 |||y0rusy50 ca
101 0# - ЯЗЫК РЕСУРСА
Язык текста, звукозаписи и т.д. русский
-- немецкий
-- французский
-- английский
102 ## - СТРАНА ПУБЛИКАЦИИ ИЛИ ПРОИЗВОДСТВА
Страна публикации Российская Федерация
105 ## - ПОЛЕ КОДИРОВАННЫХ ДАННЫХ: ТЕКСТОВЫЕ МАТЕРИАЛЫ, МОНОГРАФИЧЕСКИЕ
Кодированные данные о монографическом текстовом документе y ab 000zy
181 #0 - ПОЛЕ КОДИРОВАННЫХ ДАННЫХ: ВИД СОДЕРЖАНИЯ
Код вида содержания (ISBD) i
Код характеристики содержания (ISBD) axxe
182 #0 - ПОЛЕ КОДИРОВАННЫХ ДАННЫХ: ТИП СРЕДСТВА
Код типа средства (ISBD) n - непосредственное
200 1# - ЗАГЛАВИЕ И СВЕДЕНИЯ ОБ ОТВЕТСТВЕННОСТИ
Основное заглавие Каталог важнейшим сочинениям по всем отраслям техники на русском, немецком, французском и английском языках, имеющихся в продаже в книжном магазине К. Л. Риккера в С.-Петербурге
203 ## - ВИД СОДЕРЖАНИЯ И ТИП СРЕДСТВА
Вид содержания Текст
Дополнительные сведения об издании визуальный
Тип средства непосредственный
205 ## - СВЕДЕНИЯ ОБ ИЗДАНИИ
Сведения об издании Изд. 12-е
Дополнительные сведения об издании 2-е изд. кат. 1896-го г.
210 ## - ПУБЛИКАЦИЯ, РАСПРОСТРАНЕНИЕ И ДР.
Место издания, распространения и т.д. Санкт-Петербург
Имя издателя, распространителя и т. д. пар. типо-литогр. И. Г. Гершуна
Дата издания, распространения и т.д. 1900
215 ## - ФИЗИЧЕСКАЯ ХАРАКТЕРИСТИКА
Специфическое обозначение материала и объем 290 с.
Размеры 16,5
316 ## - ПРИМЕЧАНИЯ ОБ ОСОБЕННОСТЯХ ЭКЗЕМПЛЯРА
Текст примечания Экз. РНБ приплетён к каталогу 1896 г. 11-е изд.
Организация и экземпляр, к которому относится поле NLR
422 #0 - ИЗДАНИЕ, К КОТОРОМУ ОТНОСИТСЯ ПРИЛОЖЕНИЕ
Встроенное поле 001v19\rc\2018273
Системный номер (АБИС) связанной записи 7372853
Автор Риккер, (Петербург)
Место публикации Санкт-Петербург
Дата публикации 1896
Издание 11-е изд.
Имя издателя, распространителя и т.д. пар. типо-литогр. И. Г. Гершуна
Физическая характеристика 294, [58] с.
Заглавие Каталог важнейшим сочинениям по всем отраслям техники на русском, немецком, французском и английском языках, имеющихся в продаже в книжном магазине К. Л. Риккера в С.-Петербурге
710 00 - НАИМЕНОВАНИЕ ОРГАНИЗАЦИИ - ПЕРВИЧНАЯ ОТВЕТСТВЕННОСТЬ
Начальный элемент ввода Риккер,
Инверсированный элемент К. Л.,
Часть наименования, отличная от начального элемента ввода и от инверсированного элемента книжный магазин
Идентифицирующий признак Петербург
Идентификатор авторитетной/нормативной записи RU\NLR\AUTH\8810159010
Системный номер авторитетной/нормативной записи 813521
852 ## - МЕСТОНАХОЖДЕНИЕ И ШИФР ХРАНЕНИЯ
Идентификатор организации NLR
Шифр хранения (Call Number) С301-670/Р-50
942 ## - ДОПОЛНИТЕЛЬНЫЕ ЭЛЕМЕНТЫ ЗАПИСИ (АБИС)
Тип экземпляра АБИС Книга
980 ## - КОЛЛЕКЦИЯ
Название коллекции Национальная библиография
Экземпляры
Тип экземпляра Дата поступления Библиотека постоянного хранения Библиотека текущего хранения Место хранения Шифр хранения Штрих-код Статус экземпляра
Книга 03.10.2023 РНБ (Московский) РНБ (Московский) Центральная справочная библиотека С301-670/Р-50 1-4363007